00799 2200241 4500001002100000005001700021008004100038035002400079082001200103090002300115100001600138245015500154260002900309300001900338500008800357500003100445650001600476850002100492980001400513985000600527986000900533999001500542YOGYA-0209000004285120090227025915.0 ind  0010-020900000042851 a332.041 a332.041bSri ElSK aSRI ISTANTI aEvaluasi penggunaan modal kerja dalam kaitanya dengan rentabilitas perusahaan pada PT Industri Sandang II patun infiteks di Ceper Klatencoleh Istanti aYogyakartab[s.n.]c1994 aix, 164 lembar aSkripsi jurusan Pendidikan Dunia Usaha Fak. Pendidikan Ilmu Pengetahuan Sosial IKIP aBibliografi : lembar [151] aModal kerja aYOPDYOG [TRM 29] a20-8-2007 a1 aRuni a07A0025583